Catalog

Record Details

Catalog Search



Rodičovství-předmět nepovinný /  Čestmír Vašák Cover Image Book Book

Rodičovství-předmět nepovinný /  Čestmír Vašák

Vašák, Čestmír (Author).

Record details

  • Physical Description: 92 s.
  • Edition: 1. vydání
  • Publisher: Mona ,  1980

Available copies

  • 1 of 1 copy available at Common Catalog SPOK.

Holds

  • 0 current holds with 1 total copy.
Show Only Available Copies
Location Call Number / Copy Notes Barcode Shelving Location Status Due Date
ETS Library 362.82 424470011265 Volný výběr Available -

LDR 00622nam a2 00241
00132717
003CZ-PrJAB
00520201023163415.0
008080405s1980 xr e |||| |cze
009cz
035 . ‡a(CONS)7938
035 . ‡aKPS12778
040 . ‡aABG450
041 . ‡acze
08214. ‡a362.82
100 . ‡76638 ‡aVašák, Čestmír
245 . ‡aRodičovství-předmět nepovinný /  ‡nČestmír Vašák
250 . ‡a1. vydání
260 . ‡bMona ,  ‡c1980
300 . ‡a92 s.
653 . ‡aRodičovství-předmět nepovinný
8524 . ‡bETS ‡bETS ‡cVolný výběr ‡j362.82 ‡gA ‡p424470011265
910 . ‡aABG450
999 . ‡a7938 ‡bAUTOGEN ‡c7938 ‡tbiblio
905 . ‡uadmin
901 . ‡a32717 ‡bCZ-PrJAB ‡c32717 ‡tbiblio ‡sets

Additional Resources